Top 20 biggest cities in East Midlands - Statistics

General Stats
  • This quiz has been taken 69 times
  • The average score is 10 of 20
Answer Stats
Answer Population % Correct
Derby 269,053
98%
Nottingham 306,573
98%
Leicester 487,837
96%
Lincoln 111,201
77%
Northampton 245,899
69%
Mansfield 84,467
65%
Loughborough 65,255
63%
Chesterfield 87,901
60%
Corby 62,347
54%
Kettering 62,840
50%
Boston 45,515
46%
Grantham 44,927
38%
Wellingborough 55,055
38%
Hinckley 50,712
35%
Worksop 42,898
33%
Beeston/Broxtowe 52,437
31%
West Bridgford 48,270
29%
Carlton/Gedling 50,038
21%
Swadlincote 47,703
21%
Sutton-in-Ashfield 47,063
19%
No matching quizzes found
Score Distribution
Percent of People with Each Score
Percentile by Number Answered
Your Score History
You have not taken this quiz